000 00278nam a2200109 4500
008 160625b xxu||||| |||| 00| 0 eng d
100 _91170
_a Mitchell, B
245 _aGeneral Economics
260 _aN.Y
_b Henry Holt & Com.
_c1937
300 _aGeneral Economics
942 _2ddc
_cBK
999 _c952
_d952